00803nam a2200265Ia 4500001000900000003000500009005001700014008004100031010001100072020001800083040000900101082001700110100002200127245012900149260003100278300001600309500004300325503000800368504002700376650002200403650001700425700003300442700003100475700003100506dia_1340CHAP20230130121006.0220117s1986 xx 000 0 und d a171888 a968-6165-00-2 cCHAP a576 S83 1986 aStanier, Roger Y. aMicrobiología /c Roger Y. Stanier, Edward A. Adelberg y John L. Ingraham ; traducción Isabel García Acha...[et al.] aMéxico :b REPLA,c1986 axix, 836 p. aTítulo original: The microbial world aC/e aIncluye bibliografía aMicrobiología  aMicrobiology aAdelberg, Edward A., coaut.  aGarcía Acha, Isabel, tr. aIngraham, John L., coaut.